LEADER 00892nam0-22003011i-450- 001 990001789840403321 005 20080617161126.0 035 $a000178984 035 $aFED01000178984 035 $a(Aleph)000178984FED01 035 $a000178984 100 $a20030910d1884----km-y0itay50------ba 101 0 $aita 102 $aIT 105 $ay-------001yy 200 1 $aProgetto di bilancio preventivo per l'esercizio 1885$fAmministrazione provinciale di Napoli 210 $aNapoli$cR. Stab. Tip. F. Giannini$d1884 215 $a141, LXXIII p.$d30 cm 610 0 $aBilanci provinciali 676 $a353.007 2 710 01$aNapoli$c$0374308 801 0$aIT$bUNINA$gRICA$2UNIMARC 901 $aBK 912 $a990001789840403321 952 $a60 MISC. A 12/2$fFAGBC 959 $aFAGBC 996 $aProgetto di bilancio preventivo per l'esercizio 1885$9408573 997 $aUNINA LEADER 01150nam--2200373---450- 001 990002301290203316 005 20090108125341.0 035 $a000230129 035 $aUSA01000230129 035 $a(ALEPH)000230129USA01 035 $a000230129 100 $a20041223h----1980km-y0itay0103----ba 101 0 $aeng 102 $aUS 105 $a||||||||001yy 200 1 $a<> management of innovative technological corporations$fSimon Ramo 210 $aNew York$cJ. Wiley & sons$hcopyr. 1980 215 $aX, 476 p.$d22 cm 225 2 $a<> Wiley-Interscience publication 410 0$12001$a<> Wiley-Interscience publication 454 1$12001 461 1$1001-------$12001 606 0 $aAziende$xOrganizzazione del lavoro 676 $a658.04 700 1$aRAMO,$bSimon$02577 801 0$aIT$bsalbc$gISBD 912 $a990002301290203316 951 $a658.04 RAM 1 (IRA 4 49)$b5448 E.C.$cIRA$d00010463 959 $aBK 969 $aECO 979 $aSIAV5$b10$c20041223$lUSA01$h1402 979 $aRSIAV2$b90$c20090108$lUSA01$h1253 996 $aManagement of innovative technological corporations$91068235 997 $aUNISA LEADER 01334nam 2200361Ia 450 001 996390385703316 005 20221107215554.0 035 $a(CKB)1000000000654157 035 $a(EEBO)2240859361 035 $a(OCoLC)64551727 035 $a(EXLCZ)991000000000654157 100 $a20060306d1653 uy 0 101 0 $aeng 135 $aurbn||||a|bb| 200 14$aThe Parliament routed:, or, Heres a house to be let$b[electronic resource] $eI hope that England after many jars, shall be at peace and give no way to wars O Lord protect the General, that he may be the agent of our unity. To the tune of, Lucina, or, Merrily and cherrily 210 $aLondon $cPrinted for G. Horton$d1653 215 $a1 sheet ([1] p.) $cill. (woodcuts) 300 $aCaption title. 300 $aImprint from colophon. 300 $aRight half-sheet contains: The second part. 300 $aReproduction of original in: Harvard University. Library. 330 $aeebo-0062 606 $aBallads, English$y17th century 608 $aBroadsides$zEngland$y17th century.$2rbgenr 615 0$aBallads, English 700 $aS. S$01005771 801 0$bUMI 801 1$bUMI 801 2$bUMI 906 $aBOOK 912 $a996390385703316 996 $aThe Parliament routed:, or, Heres a house to be let$92373955 997 $aUNISA LEADER 01290nam0 2200325 i 450 001 CFI0227589 005 20251003044136.0 010 $a8821706524 020 $aIT$b93-3803 100 $a19930920d1993 ||||0itac50 ba 101 | $aita 102 $ait 181 1$6z01$ai $bxxxe 182 1$6z01$an 200 1 $aAdempimenti del sostituto d'imposta$eil Ministero risponde$ele soluzioni ufficiali ai problemi di pratica professionale$fa cura di Franco Artini e Giulio Longhi 210 $a[Milano]$cIPSOA$d[1993] 215 $a205 p.$d24 cm 300 $aSegue: Appendice legislativa. 606 $aSostituto d'imposta$xGuide pratiche$2FIR$3CFIC002232$9I 676 $a343.4505242$9IMPOSTE SUI DIVERSI TIPI DI REDDITO. STIPENDI E SALARI. Italia$v21 700 1$aArtini$b, Franco$3CFIV121795$4070$0748088 701 1$aLonghi$b, Giulio$3CFIV121796$4070$0748089 801 3$aIT$bIT-000000$c19930920 850 $aIT-BN0095 901 $bNAP 01$cD $n$ 912 $aCFI0227589 950 0$aBiblioteca Centralizzata di Ateneo$d 01D (AR) 13 888$e 01AR 0700138885 VMA 1 v.$fY $h20180117$i20180117 977 $a 01 996 $aAdempimenti del sostituto d'imposta$91495321 997 $aUNISANNIO